01737nam a22003494a 4500001001200000003000800012006001900020007001500039008004100054010001700095020001500112040002100127035002000148050002500168082002100193245030000214246002700514260005600541300002600597500004200623504005400665533015200719610004700871650006100918650007600979650009501055650004801150655002901198710001701227856012601244999001701370ebr10038813CaPaEBRm u cr cn|||||||||001128s2000 dcua sb 000 0 eng  z 00111489  z0309071445 aCaPaEBRcCaPaEBR a(OCoLC)5564141814aZ733.U62bL35 2000eb04a027.573/028522100aLC21h[electronic resource] :ba digital strategy for the Library of Congress /cCommittee on an Information Technology Strategy for the Library of Congress, Computer Science and Telecommunications Board, Commission on Physical Sciences, Mathematics, and Applications, National Research Council.3 aLibrary of Congress 21 aWashington, D.C. :bNational Academy Press,cc2000. axviii, 265 p. :bill. aAlso available on the World Wide Web. aIncludes bibliographical references (p. 217-240). aElectronic reproduction.bPalo Alto, Calif. :cebrary,d2013.nAvailable via World Wide Web.nAccess may be limited to ebrary affiliated libraries.20aLibrary of CongressxAutomationxPlanning. 0aNational librarieszUnited StatesxAutomationxPlanning. 0aIntegrated library systems (Computer systems)zUnited StatesxPlanning. 0aLibrarieszUnited StatesxSpecial collectionsxElectronic information resourcesxPlanning. 0aDigital librarieszUnited StatesxPlanning. 7aElectronic books.2local2 aebrary, Inc.40uhttp://site.ebrary.com/lib/rucke/Doc?id=10038813zAn electronic book accessible through the World Wide Web; click to view c58104d58104